| 000 | 00637nam a2200193Ia 4500 | ||
|---|---|---|---|
| 008 | 140626s9999 xx 000 0 und d | ||
| 100 | _aRawson, Katherine. | ||
| 245 |
_aAccurate monitoring leads to effective control and greater learning of patient education materials / _cKatherine Rawson ... [et al.]. |
||
| 260 | _cc2011. | ||
| 300 | _a17 : 3, page 288 | ||
| 440 | _aJournal of Experimental Psycholgy : Applied | ||
| 521 | _aPSYCH | ||
| 650 | _aIdea-unit judgements. | ||
| 650 | _aMetacognative monitoring. | ||
| 650 | _aPatient education. | ||
| 650 | _aSelf-regulated learning. | ||
| 650 | _aSelf-testing. | ||
| 942 | _cSE | ||
| 999 |
_c121323 _d121323 |
||